000 00449nam a2200181Ia 4500
001 25429
005 20260414151149.0
008 260414t2013||||xx |||||||||||||| ||spa||
041 _aESP
082 _a346.5
_bR68
100 _aRivero Hernández, Francisco
_eAUT
245 0 _aRepresentación sin poder y ratificación
_b
260 _c2013
300 _a747 páginas :
_c24 cm.
650 _aDER
654 _aCDE
942 _cLIB
_dJUS
_fJUS
_2ddc
_n
999 _c25429
_d25429